000 00945nam a2200241Ia 4500
001 326
003 GE_BSU
008 181216s||||||||xx |||||||||||||| ||und||
020 _a9789941130410
040 _cGE_BSU
080 _a39(479.22)(075.8)
100 _aთოფჩიშვილი, როლანდ
245 _aსაქართველოს ეთნოლოგია
245 _bსახელმძღვ. უნ-ტის ჰუმანიტ. სპეც. სტუდ.
245 _cროლანდ თოფჩიშვილი ; თსუ, გელათის მეცნ. აკად
260 _aთბილისი
260 _bთბილისის უნივერსიტეტის გამომცემლობა
260 _c2008
300 _a317 გვ.
541 _h12 ლ.
653 _aქართველების ეთნოგრაფია
942 _cBK
999 _c34565
_d34565